Murder By Natural Causes / (Record no. 492641)
[ view plain ]
| 000 -LEADER | |
|---|---|
| fixed length control field | 01002nam a22002057a 4500 |
| 003 - CONTROL NUMBER IDENTIFIER | |
| control field | OSt |
| 005 - DATE AND TIME OF LATEST TRANSACTION | |
| control field | 20260511091201.0 |
| 008 - FIXED-LENGTH DATA ELEMENTS--GENERAL INFORMATION | |
| fixed length control field | 260511b |||||||| |||| 00| 0 eng d |
| 020 ## - INTERNATIONAL STANDARD BOOK NUMBER | |
| International Standard Book Number | 9781739638276 |
| 040 ## - CATALOGING SOURCE | |
| Original cataloging agency | Kenya National Library Service |
| 082 ## - DEWEY DECIMAL CLASSIFICATION NUMBER | |
| Classification number | 823 ERI |
| 100 ## - MAIN ENTRY--PERSONAL NAME | |
| Personal name | Erichsen, Helen |
| Relator term | author. |
| 245 ## - TITLE STATEMENT | |
| Title | Murder By Natural Causes / |
| Statement of responsibility, etc. | Helen Erichsen |
| 300 ## - PHYSICAL DESCRIPTION | |
| Extent | 278 pages ; |
| Dimensions | 20cm. |
| 520 ## - SUMMARY, ETC. | |
| Summary, etc. | Cilla is a 22-year-old contract killer, specialising in the dry job: a murder interpreted as death by natural causes. Neither strong, nor beautiful, she isn't your typical female protagonist. In fact, she is so unremarkable as to render her almost invisible, an advantage in her line of work. Cilla has survived because she is clever, stubborn and lucky. Plus, the weapons training and lessons on poison at the elite Academy 43 have stood her in good stead |
| 650 ## - SUBJECT ADDED ENTRY--TOPICAL TERM | |
| Topical term or geographic name entry element | Crime -Fiction. |
| 942 ## - ADDED ENTRY ELEMENTS (KOHA) | |
| Source of classification or shelving scheme | Dewey Decimal Classification |
| Koha item type | Books |
| Suppress in OPAC | No |
| Withdrawn status | Source of classification or shelving scheme | Damaged status | Not for loan | Home library | Current library | Date acquired | Cost, normal purchase price | Total checkouts | Full call number | Barcode | Date last seen | Price effective from | Koha item type |
|---|---|---|---|---|---|---|---|---|---|---|---|---|---|
| Dewey Decimal Classification | Information Access | Acquisition, Cataloguing, Classification and Distribution Development | 05/11/2026 | 1998.00 | 823 ERI | B231329 | 05/11/2026 | 05/11/2026 | Books |
